Datum a čas kvízu

25 Celkem bodů Celkový počet nahraných bodů na tomto kvízu bez doplňovacích otázek.
5. Pořadí na kvízu Konečné umístění týmu na tomto kvízu.

Zaznamenané odpovědi

# Otázka Odpověď Body Výsledky
1. Ve středu do toho „praštil“ da... Lucie Šafářová, Tomáš Plekanec 1
2. Minulý týden jsme mohli sledov... La Palma 0
3. Elon Musk plní stránky novin i... Grimes 0
4. Čínská centrální banka v pátek... kryptoměnové transakce 1
5. Český hokej dosáhl diplomatick... Petr Bříza 1
6. V pátém díle našeho cestovatel... Pražský kraj 0
7. Jedním z nejnavštěvovanějších... V gotickém slohu. 1
8. V tomto kraji najdeme i výběh... V Berouně. 0
9. Ze Středočeského kraje pochází... D 1
10. V tomto kraji najdeme také spo... V Dobříši. 0